书目信息 |
| 题名: |
数据包络分析
|
|
| 作者: | 魏权龄 著 | |
| 分册: | ||
| 出版信息: | 北京 科学出版社 2004 |
|
| 页数: | 362页 | |
| 开本: | 24cm | |
| 丛书名: | ||
| 单 册: | ||
| 中图分类: | F224.12 | |
| 科图分类: | ||
| 主题词: | 经济系统--系统分析--数学模型 | |
| 电子资源: | ||
| ISBN: | 7-03-012980-6 | |
| 000 | 00850nam0 2200253 45 | |
| 001 | 020000028118 | |
| 005 | 20050906150741.23 | |
| 010 | @a7-03-012980-6@dCNY48.00 | |
| 100 | @a20041229d2004 ekmy0chiy0120 ea | |
| 101 | 0 | @achi |
| 102 | @aCN@b110000 | |
| 105 | @ay az 000yy | |
| 200 | 1 | @a数据包络分析@Ashu ju bao luo fen xi@f魏权龄著@Fwei quan ling zhu |
| 210 | @a北京@c科学出版社@d2004 | |
| 215 | @a362页@d24cm | |
| 300 | @a中国科学院科学出版基金资助出版 | |
| 320 | @a有书目 | |
| 330 | @a本书讨论了微观经济学中的效率和生产可能集;给出了综合DEA模型对应的生产可能集(弱)生产前沿面的特征、结构及构造方法;研究了综合DEA模型的对策论背景等诸多内容 | |
| 606 | 0 | @a经济系统@x系统分析@x数学模型 |
| 690 | @aF224.12@v4 | |
| 701 | 0 | @a魏权龄@Awei quan ling@4著 |
| 801 | 0 | @aCN@bTSSF@c20050906 |
| 905 | @a10447@dF224.12@e152 | |
| 999 | @aWJ@eSue | |
| 数据包络分析/魏权龄著.-北京:科学出版社,2004 |
| 362页;24cm |
| 中国科学院科学出版基金资助出版 |
| ISBN 7-03-012980-6:CNY48.00 |
| 本书讨论了微观经济学中的效率和生产可能集;给出了综合DEA模型对应的生产可能集(弱)生产前沿面的特征、结构及构造方法;研究了综合DEA模型的对策论背景等诸多内容 |
| ● |
| 相关链接 |
|
|
|
|
正题名:数据包络分析
索取号:F224.12/152
 
预约/预借
| 序号 | 登录号 | 条形码 | 馆藏地/架位号 | 状态 | 备注 |
| 1 | 0360474 | 3604745 | 第一样本阅览室/ [索取号:F224.12/152] | 在馆 | |
| 2 | 0360475 | 3604754 | 第一借阅区/ [索取号:F224.12/152] | 在馆 | |
| 3 | 0360476 | 3604763 | 第一借阅区/ [索取号:F224.12/152] | 在馆 |